[Event "Montreal Pere Noel op"]
[Site "Montreal"]
[Date "2009.12.30"]
[Round "5"]
[White "Page Fortin, Mathieu"]
[Black "Gagnon, Serge"]
[Result "1-0"]
[WhiteElo "1817"]
[BlackElo "2000"]
[PlyCount "105"]
[EventDate "2009.12.26"]
[EventType "swiss"]
[EventRounds "5"]
[EventCountry "CAN"]
[SourceTitle "EXT 2011"]
[Source "ChessBase"]
[SourceDate "2010.11.26"]
[SourceVersion "1"]
[SourceVersionDate "2010.11.26"]
[SourceQuality "1"]

1. e4 d6 2. d4 Nf6 3. Nc3 g6 4. Nf3 Bg7 5. Bd3 0-0 6. 0-0 c6 7. Re1 Qc7 8. h3 e5 9. Be3 b5 10. Qd2 a6 11. Ne2 exd4 12. Bh6 c5 13. Ng3 Nc6 14. Nf5 Bxf5 15. exf5 Ne5 16. Nh4 Nxd3 17. Bxg7 Kxg7 18. Qxd3 Rfe8 19. Qg3 Rxe1+ 20. Rxe1 Re8 21. Rxe8 Nxe8 22. Qg5 h6 23. Qg3 d5 24. Qf3 Qe5 25. fxg6 fxg6 26. Qg4 Qf6 27. Qd7+ Qf7 28. Qc6 g5 29. Nf3 Qf6 30. Qxe8 d3 31. cxd3 Qxb2 32. Qe7+ Kh8 33. Qe5+ Qxe5 34. Nxe5 c4 35. Kf1 Kg7 36. g4 a5 37. Ke2 a4 38. Kd2 Kf6 39. d4 b4 40. Kc2 b3+ 41. axb3 axb3+ 42. Kc3 Ke6 43. f4 gxf4 44. h4 Kf6 45. Nf3 Ke6 46. Nd2 Kf6 47. Nb1 h5 48. g5+ Kf5 49. Kd2 Ke4 50. g6 Kxd4 51. g7 f3 52. g8Q f2 53. Qf7 1-0

[Event "Montreal Pere Noel op"]
[Site "Montreal"]
[Date "2009.12.29"]
[Round "4"]
[White "Kraiouchkine, Nikita"]
[Black "Page Fortin, Mathieu"]
[Result "1/2-1/2"]
[WhiteElo "2287"]
[BlackElo "1817"]
[PlyCount "82"]
[EventDate "2009.12.26"]
[EventType "swiss"]
[EventRounds "5"]
[EventCountry "CAN"]
[SourceTitle "EXT 2011"]
[Source "ChessBase"]
[SourceDate "2010.11.26"]
[SourceVersion "1"]
[SourceVersionDate "2010.11.26"]
[SourceQuality "1"]

1. e4 e6 2. d4 d5 3. Nc3 Nf6 4. e5 Nfd7 5. f4 c5 6. Nf3 Nc6 7. Be3 cxd4 8. Nxd4 Bc5 9. Qd2 a6 10. Nb3 Bxe3 11. Qxe3 b5 12. Ne2 Bb7 13. Ned4 Qb6 14. c3 Rc8 15. Bd3 b4 16. 0-0 bxc3 17. bxc3 Nc5 18. Nxe6 fxe6 19. Qxc5 Qd8 20. Qe3 Ne7 21. Nd4 Qd7 22. Qh3 Rxc3 23. Bg6+ hxg6 24. Qxh8+ Kf7 25. f5 gxf5 26. g4 Qa4 27. Rad1 Rc4 28. Qh5+ Kg8 29. Ne2 Rxg4+ 30. Ng3 Qe4 31. Qe8+ Kh7 32. Rde1 Qd4+ 33. Rf2 Ng6 34. Qxe6 Nh4 35. Qf7 Nf3+ 36. Kf1 Qd3+ 37. Ree2 Bc6 38. Rg2 Qd1+ 39. Kf2 Qd4+ 40. Kf1 Qd1+ 41. Kf2 Qd4+ 1/2-1/2

[Event "Montreal Pere Noel op"]
[Site "Montreal"]
[Date "2009.12.26"]
[Round "1"]
[White "Jiang, Louie"]
[Black "Page Fortin, Mathieu"]
[Result "1-0"]
[WhiteElo "2312"]
[BlackElo "1817"]
[PlyCount "59"]
[EventDate "2009.12.26"]
[EventType "swiss"]
[EventRounds "5"]
[EventCountry "CAN"]
[SourceTitle "EXT 2011"]
[Source "ChessBase"]
[SourceDate "2010.11.26"]
[SourceVersion "1"]
[SourceVersionDate "2010.11.26"]
[SourceQuality "1"]

1. e4 e6 2. d4 d5 3. Nc3 Bb4 4. e5 c5 5. a3 Bxc3+ 6. bxc3 Ne7 7. Qg4 0-0 8. Nf3 Qa5 9. Bd2 c4 10. Be2 Nbc6 11. h4 f5 12. Qg3 Bd7 13. Ng5 Nd8 14. 0-0 Rc8 15. Qf3 Rc6 16. Qh5 h6 17. Nh3 Be8 18. Qf3 Rb6 19. Bc1 Kh7 20. Nf4 Ng6 21. Nxg6 Bxg6 22. h5 Be8 23. g4 Nf7 24. gxf5 Ng5 25. Bxg5 Rxf5 26. Qh3 Rxg5+ 27. Kh1 Rb2 28. f4 Rf5 29. Bg4 Rf8 30. Bxe6 1-0

[Event "Quebec-ch sf final-1"]
[Site "Montreal"]
[Date "2009.06.06"]
[Round "3"]
[White "Desjardins, Michel"]
[Black "Page Fortin, Mathieu"]
[Result "0-1"]
[WhiteElo "1923"]
[BlackElo "1777"]
[PlyCount "68"]
[EventDate "2009.06.05"]
[EventType "tourn"]
[EventRounds "4"]
[EventCountry "CAN"]
[SourceTitle "EXT 2011"]
[Source "ChessBase"]
[SourceDate "2010.11.26"]
[SourceVersion "1"]
[SourceVersionDate "2010.11.26"]
[SourceQuality "1"]

1. e4 e6 2. d3 d5 3. Nd2 c5 4. g3 Nc6 5. Bg2 Nf6 6. Ngf3 Be7 7. 0-0 0-0 8. e5 Nd7 9. Re1 Qc7 10. Qe2 b5 11. h4 c4 12. d4 Qb6 13. Qe3 Nb4 14. Qc3 f6 15. exf6 Rxf6 16. Nf1 Nc6 17. Qd2 Bb7 18. N1h2 Raf8 19. c3 e5 20. Re2 b4 21. dxe5 Ncxe5 22. Nxe5 Nxe5 23. Bxd5+ Kh8 24. Bxb7 Rxf2 25. Rxf2 Rxf2 26. Qxf2 Bc5 27. Qxc5 Qxc5+ 28. Kg2 Nd3 29. Be4 Qf2+ 30. Kh3 Qe2 31. Bf3 Qe1 32. cxb4 Qg1 33. Be3 Qxa1 34. Bxa7 Qxb2 0-1

[Event "Quebec-ch sf final-1"]
[Site "Montreal"]
[Date "2009.06.06"]
[Round "2"]
[White "Page Fortin, Mathieu"]
[Black "Fareh, Youness"]
[Result "0-1"]
[WhiteElo "1777"]
[BlackElo "2179"]
[PlyCount "78"]
[EventDate "2009.06.05"]
[EventType "tourn"]
[EventRounds "4"]
[EventCountry "CAN"]
[SourceTitle "EXT 2011"]
[Source "ChessBase"]
[SourceDate "2010.11.26"]
[SourceVersion "1"]
[SourceVersionDate "2010.11.26"]
[SourceQuality "1"]

1. e4 c5 2. Nf3 Nc6 3. d4 cxd4 4. Nxd4 Nf6 5. Nc3 e6 6. Be3 Bb4 7. Bd3 d5 8. 0-0 Bxc3 9. bxc3 dxe4 10. Nxc6 bxc6 11. Bc4 0-0 12. Bc5 Re8 13. Qe2 Qa5 14. Bb4 Qf5 15. f3 a5 16. Bd6 Ra7 17. Rae1 Rd7 18. fxe4 Qxe4 19. Qxe4 Nxe4 20. Rxe4 Rxd6 21. Rd4 Red8 22. Rfd1 Rxd4 23. Rxd4 Rd7 24. Kf2 c5 25. Rd3 Kf8 26. Bb5 Rd5 27. Rxd5 exd5 28. Bc6 Be6 29. a3 Ke7 30. Ke3 Kd6 31. Bb5 Ke5 32. Be2 g5 33. Bh5 g4 34. g3 Kf5 35. h3 gxh3 36. Bf3 Ke5 37. Bh1 Bf5 38. c4 d4+ 39. Kd2 Be4 0-1

[Event "Quebec-ch sf final-1"]
[Site "Montreal"]
[Date "2009.06.05"]
[Round "1"]
[White "Luo, Zhao Yang"]
[Black "Page Fortin, Mathieu"]
[Result "1/2-1/2"]
[WhiteElo "1760"]
[BlackElo "1777"]
[PlyCount "93"]
[EventDate "2009.06.05"]
[EventType "tourn"]
[EventRounds "4"]
[EventCountry "CAN"]
[SourceTitle "EXT 2011"]
[Source "ChessBase"]
[SourceDate "2010.11.26"]
[SourceVersion "1"]
[SourceVersionDate "2010.11.26"]
[SourceQuality "1"]

1. d4 e6 2. c4 Nf6 3. Nf3 d5 4. Nc3 Nbd7 5. Bg5 Be7 6. e3 c6 7. Bd3 0-0 8. 0-0 dxc4 9. Bxc4 Qb6 10. Qc2 c5 11. d5 exd5 12. Nxd5 Nxd5 13. Bxd5 Bxg5 14. Nxg5 Nf6 15. Rac1 h6 16. Bxf7+ Kh8 17. Qxc5 Qxc5 18. Rxc5 b6 19. Rc7 hxg5 20. Rfc1 Bd7 21. Bc4 b5 22. Be2 a6 23. Bf3 Rac8 24. Bb7 Rxc7 25. Rxc7 a5 26. e4 Be6 27. b3 Rd8 28. Kf1 Rd7 29. Rxd7 Nxd7 30. Bc6 b4 31. Ke2 Nc5 32. f3 Kh7 33. Ke3 Kg6 34. Kd4 Nxb3+ 35. axb3 Bxb3 36. Kc5 Bc2 37. Kc4 Kf6 38. g3 Ke5 39. h4 gxh4 40. gxh4 Kf4 41. Bd5 b3 42. Kc3 a4 43. Kb2 Kxf3 44. e5+ Kf4 45. e6 Ke5 46. e7 Bg6 47. Bc6 1/2-1/2

[Event "CAN-ch U16"]
[Site "Quebec"]
[Date "2008.07.14"]
[Round "1"]
[White "MacKinnon, Keith"]
[Black "Page Fortin, Mathieu"]
[Result "1-0"]
[WhiteElo "2070"]
[BlackElo "1802"]
[PlyCount "93"]
[EventDate "2008.07.14"]
[EventType "swiss"]
[EventRounds "7"]
[EventCountry "CAN"]
[SourceTitle "EXT 2011"]
[Source "ChessBase"]
[SourceDate "2010.11.26"]
[SourceVersion "1"]
[SourceVersionDate "2010.11.26"]
[SourceQuality "1"]

1. e4 e6 2. Nf3 c5 3. d4 cxd4 4. Nxd4 Nc6 5. Nb5 d6 6. c4 a6 7. N5c3 Nf6 8. Be3 Qc7 9. Be2 Be7 10. 0-0 0-0 11. Nd2 Nd7 12. Rc1 Bf6 13. f4 Nd4 14. Bd3 Nc5 15. Bb1 Qb6 16. e5 dxe5 17. fxe5 Bxe5 18. Bxh7+ Kxh7 19. Qh5+ Kg8 20. Qxe5 Nd3 21. Bxd4 Nxe5 22. Bxb6 Nd3 23. Rb1 e5 24. Nd5 Bg4 25. Nf3 f6 26. h3 Bh5 27. Ne1 Be2 28. Rf5 Rf7 29. Nc3 g6 30. Nxe2 Nxe1 31. Rf1 Nd3 32. b4 Rc8 33. Rb3 e4 34. Nc3 f5 35. c5 Re8 36. Rd1 Nf4 37. Nd5 Nd3 38. a4 Re5 39. Rbxd3 exd3 40. Rxd3 Kf8 41. b5 axb5 42. axb5 Re1+ 43. Kf2 Rb1 44. c6 bxc6 45. bxc6 Rc1 46. Nc3 Re7 47. Bc5 1-0